Wszystkie Federacje Piłkarskie - Statystyki

Ogólne statystyki
  • Ten quiz został rozwiązany 104 razy
    91 od ostatniego zresetowania
  • Średni wynik to 3 z 6
Statystyki odpowiedzi
Kontynent Federacja % Poprawnych
Europa UEFA
100%
Azja AFC
52%
Ameryka Północna CONCACAF
51%
Afryka CAF
41%
Ameryka Południowa CONMEBOL
41%
Australia i Oceania OFC
37%
Nie znaleziono quizów pasujących do podanych kryteriów
Rozkład punktacji
Procent ludzi z każdym wynikiem
Percentyl według liczby udzielonych odpowiedzi
Twoja historia wyników
Nie rozwiązałeś tego quizu od ostatniego zresetowania